00536nam a2200181Ia 4500003000900000008004100009020001800050040001600068080001600084100002000100245009800120260004000218300001600258490002300274650003000297650001000327650001700337IN-BaIIA211028s9999 xx 000 0 eng d a81-7371-084-8 cIIA Library a523.31bBAK aBaker, D. James 0aPlanet earthbthe view from spacecD James Baker  aHyderabadbUniversities Pressc1997 aviii, 191p. aFrontiers of space aAstronautics in astronomy aEarth aPlanet earth